MDQL
is popping MORE tags! Check the
thread
!
Quizzes
Events
Quiz Creation
Community
Videos
Private Events
Remove Ads
Sign In
Join for FREE
Feedback
Dark Mode
Quiz Categories
Sports
Geography
Music
Movies
Television
Just For Fun
Miscellaneous
History
Literature
Language
Science
Gaming
Entertainment
Religion
Holiday
For Kids
Quiz Lab
Recent
Popular Today
Quiz Kudos Today
Editor Picks
Curator Picks
Quizzes by...
Day
Popularity
Type
Ratings
Length
Year
Community
Subscriptions
Recent Discussions
Orange Saloon
Badges
Playlists
Quests
Create
Leaderboards
Showdown
Live 5
Trivia Bingo
Activity
Puzzle Library
Sporcle Events
Private Events
Virtual Trivia
Globe League
Become a Host
Pub Owners
SporcleCon
Opinionation
Our Games
Videos
Blog
Mobile Apps
Partnerships
Remove Ads and Go Orange
Feedback
Geography
Country
Landmarks
City
State
Population
World
Capital
Continent
Flags
Europe
Africa
Asia
South America
North America
Oceania
Border
Canada
United Kingdom
Topography
United States
Geography
Country
Landmarks
City
State
Population
World
Capital
Continent
Flags
Europe
Africa
Asia
South America
North America
Oceania
Border
Canada
United Kingdom
Topography
United States
Random Quiz
Search Sporcle
×
Quiz Lab
Quiz Lab
Geography
Network
Type in answers that appear in a list
Type in answers that appear in a list
Classic
Best Score? Go Orange.
Melbourne's Train Network Stats
Can you name the stations on Melbourne's train network?
By
HMFC1874
20m
222 Questions
4,610 Plays
4,610 Plays
4,610 Plays
Comments
Comments
Give Quiz Kudos
Give Quiz Kudos
-
- Ratings
hide this ad
Replay
Link that replays current quiz
Next Quiz
Link to next quiz in quiz playlist
You Got
0%
They Got
Avg Score
58%
Avg Friend Score
Upgrade to see
Score Distribution
Jump to the score distribution portion of the page
Score
0/222
Timer
20:00
2
Plays Today
% Correct
Williamstown
90.5%
Werribee
89.7%
Flinders Street
89%
Southern Cross
87.3%
Sunbury
86.6%
Craigieburn
86.5%
Lilydale
86.4%
Upfield
86.1%
Belgrave
86.1%
Frankston
86.1%
Richmond
85.7%
Mernda
85.7%
Melbourne Central
85.3%
Hurstbridge
85.3%
Glen Waverley
84.9%
Pakenham
84.8%
Parliament
84.7%
Alamein
84.3%
Cranbourne
83.8%
Sandringham
82.7%
Flemington Racecourse
82.6%
Flagstaff
82.5%
Stony Point
81.5%
Footscray
78.9%
North Melbourne
76.7%
South Yarra
75.3%
East Richmond
75.1%
Box Hill
73.9%
Collingwood
72.1%
Hawthorn
71.9%
Jolimont
70.8%
Ringwood
70.7%
Sunshine
70.5%
Dandenong
70.3%
Altona
70%
Essendon
69.9%
Toorak
69.8%
North Richmond
69.7%
South Morang
69.6%
Camberwell
69.1%
Showgrounds
68.8%
Caulfield
68.2%
West Richmond
67%
Epping
67%
West Footscray
66.9%
Brunswick
66.7%
Brighton Beach
66.4%
Kensington
65.6%
Coburg
65.4%
Broadmeadows
65.1%
Ferntree Gully
64.8%
Williamstown Beach
64.7%
Preston
64.6%
Hoppers Crossing
64.2%
Malvern
64.2%
Clifton Hill
63.8%
Mount Waverley
63.7%
Burnley
62.9%
Glenferrie
62.5%
Eltham
62.4%
Blackburn
62.2%
North Williamstown
61.6%
Clayton
61.6%
Upper Ferntree Gully
61.5%
Prahran
61.5%
Northcote
61.3%
Victoria Park
61.3%
Newport
61.2%
Oakleigh
61.2%
Middle Brighton
61.2%
Yarraville
61.1%
Middle Footscray
60.9%
St Albans
60.5%
Heidelberg
60.4%
% Correct
Chelsea
60.2%
Laverton
60%
Greensborough
59.9%
Croydon
59.7%
South Kensington
59.6%
Surrey Hills
59.5%
Nunawading
59.1%
North Brighton
59%
Officer
58.9%
Moonee Ponds
58.9%
Reservoir
58.8%
Watergardens
58.7%
Ivanhoe
58.6%
Balaclava
58.6%
Mordialloc
58.4%
Windsor
58.2%
East Camberwell
58.1%
Springvale
58.1%
Elsternwick
58.1%
Bell
57.9%
Glen Iris
57.8%
Aircraft
57.6%
Thomastown
57.2%
Williams Landing
57.1%
Ringwood East
57.1%
Seaford
57.1%
Carnegie
56.8%
Spotswood
56.8%
Tottenham
56.7%
Ascot Vale
56.7%
Burwood
56.6%
Royal Park
56.6%
Diamond Creek
56.5%
Armadale
56.5%
Hampton
56.4%
Moorabbin
56.4%
Carrum
56.3%
Pascoe Vale
56.2%
Cheltenham
56.1%
Upwey
56%
Syndal
56%
East Malvern
56%
Kooyong
55.7%
Mitcham
55.7%
Mont Albert
55.7%
Hawksburn
55.6%
Noble Park
55.5%
Thornbury
55.5%
Canterbury
55.4%
Boronia
55.3%
Mooroolbark
55.1%
Berwick
55.1%
Seddon
55%
Jewell
55%
Tecoma
54.9%
Narre Warren
54.9%
Mentone
54.8%
Diggers Rest
54.3%
Batman
54.2%
Bentleigh
54.2%
Edithvale
54.2%
Lalor
54%
Auburn
53.9%
Southland
53.8%
Laburnum
53.8%
Jacana
53.7%
Fawkner
53.6%
Ashburton
53.5%
Merri
53.2%
Bonbeach
53.1%
Ormond
53%
Flemington Bridge
53%
Westona
52.9%
Murrumbeena
52.8%
% Correct
Fairfield
52.8%
Roxburgh Park
52.7%
Bayswater
52.6%
Huntingdale
52.6%
Ripponlea
52.1%
Glenhuntly
52%
Newmarket
52%
Dennis
51.9%
Rosanna
51.9%
Hughesdale
51.6%
Alphington
51.6%
Watsonia
51.5%
Heathmont
51.4%
Aspendale
51.2%
Glenroy
50.9%
Chatham
50.9%
Albion
50.9%
Heatherdale
50.2%
Gardenvale
50.2%
Rushall
50.2%
Montmorency
49.8%
Heyington
49.7%
Coolaroo
49.4%
Strathmore
49.3%
Kananook
49.3%
Westgarth
49.2%
McKinnon
49%
Jordanville
48.9%
Holmesglen
48.9%
Oak Park
48.7%
Moreland
48.7%
Darebin
48.6%
Macleod
48.6%
Westall
48.5%
Croxton
48.5%
Sandown Park
48.4%
Seaholme
48.3%
Hallam
48.2%
Ginifer
48.1%
Wattle Glen
48.1%
Darling
48.1%
Parkdale
48%
Highett
47.9%
Eaglemont
47.9%
Anstey
47.7%
Hastings
47.7%
Beaconsfield
47.7%
Keon Park
47.5%
Cardinia Road
47.5%
Macaulay
47.4%
Tooronga
47.3%
Gardiner
47.1%
Patterson
46.9%
Keilor Plains
46.5%
Middle Gorge
46.3%
Regent
46.3%
Glenbervie
46.1%
Riversdale
45.9%
Crib Point
45.8%
Baxter
45.6%
Yarraman
45.3%
Hawkstowe
44.4%
Merinda Park
44.1%
Gowrie
44.1%
Hartwell
43.3%
Tyabb
43.2%
Ruthven
42.9%
Merlynston
42.1%
Lynbrook
41.6%
Willison
40.4%
Somerville
39.6%
Leawarra
36.8%
Bittern
36.2%
Morradoo
30.4%
Quiz Playlist
Details
Report
Send in Message
Add To Playlist
Classic:
Type in answers that appear in a list
Quiz Source
Last Updated: Feb 26, 2019
Quiz Scoreboard
CHALLENGE
Sign Up to Join the Scoreboard
Show All
Scores
Hide
Comments
May contain spoilers
Recently Published
Image Sorting: Flags VI
by Barbecue
Geography
2m
Find the 'City' Movie
by crazypaving
Movies
60s
Colored Red Africa Blitz
by spor1
Geography
45s
More to Explore
Quiz From the Vault
Featured Blog Post
14 Easter Pick-up Lines to Find Eggs With
hide this ad
You Might Also Like...
Tags
Network Quiz
Melbourne
station
train
Today's Top Quizzes in Geography
Browse Geography
hide this ad
Today's Top Quizzes in Network
Browse Network
Top Contributed Quizzes in Geography
1
Colored Red Europe Blitz I
2
Countries of the World - No Outlines Minefield
3
Colored Red Africa Blitz II
4
Colored Red Europe Blitz II
5
Colored Red Europe Blitz III
6
Colored Red Africa Blitz III
7
Colored Red States Blitz I
8
A Different View: World Oceans
9
Colored Red States Blitz II
10
Colored Red States Blitz III
Explore More
Trending Topics
NBA
Anime
Kpop
Crossword
Marvel
Disney
Harry Potter
The Office
NFL
Pokémon
Country
Song
Soccer
Puzzle
WWE
hide this ad
More By:
HMFC1874
Quiz
Plays
Rating
Category
Featured
Created
Melbourne's Train Network
4,610
4.90
Geography
Apr 8, 2010
Round 1 Richmond teams 2000-2012
460
5.00
Sports
Apr 6, 2012
All Time Formula 1 Constructors
378
5.00
Sports
Dec 5, 2012
Go to Creator's Profile
Score Distribution
Quiz Creator Spotlight
HMFC1874
Follow
Send a Message
Quizzes Created
-
Created Quiz Play Count
-
More By This Creator
Popular Quizzes Today
1
Colored Red Africa Blitz
2
Find the US States - No Outlines Minefield
3
Find the 'City' Movie
4
5x2 Blitz: Bands
5
The Countries of the World
6
Find the US States
7
Find the Countries of Europe - No Outlines Minefield
8
US States
More Geography Quizzes
Alphabetical States Minefield
Published
Trending Quizzes
Colored Red Europe Blitz I
Colored Red Europe Blitz II
Colored Red Africa Blitz II
Colored Red Europe Blitz III
Colored Red Africa Blitz III
Recently Updated
How Do You Spell That?
pecheneg
Godzilla Movies
pecheneg
Grab Bag: 4-10 Letters
pecheneg
2024 March Madness Bracket
pecheneg
Famous TV Couples
Peacemaker
Champions League XIs: Real Madrid
pecheneg
Largest US Cities 1790-2010
pecheneg
Rides in Walt Disney World
pecheneg
Most Oscar Losses (Acting)
pecheneg
Beyoncé Albums
pecheneg
Trending Topics
Harry Potter
Crossword
NBA
Kpop
Marvel
Anime
Disney
NFL
Pokémon
Puzzle
Country
Soccer
Song
WWE
The Office
Your Account Isn't Verified!
In order to create a playlist on Sporcle, you need to verify the email address you used during registration. Go to your
Sporcle Settings
to finish the process.
Report this User
Report this user for behavior that violates our
Community Guidelines
.
Details:
Send Report
Go to the Sporcle.com Mobile Site →
Comments